00979nas a2200229Ia 4500001001100000003000900011008004100020040001300061040001300074041001200087100004700099210001900146222001900165245009500184250001100279260005100290501008600341300002000427362002600447500023800473650003800711R951/D2304IT-RoPAU151124c99999999xx |||||||||||| ||und|| aIT-RoPAU cIT-RoPAU aINGLESE aDetscher Alan F.gCodice Aut. SPICS: 51739 aECCLESIA ORANS aEcclesia Orans aECCLESIA ORANS, ANNO 02-N.02 (1985)bAncient English Ordination Rites For Presbyters (The) a1a ed. aROMAbBENEDICTINA EDIZ. ABBAZIA S.PAOLOc1985 bPaulus - SPICS - Società San Paolo EM (non-commercial uses only)cCopyright2015 a24 p. [139-162] aANNO 002, N.02 (1985) aAntichi Riti Inglesi di Ordinazione dei Presbiteri. Pontificale Inglese. Manoscritti. Descrizione dei Pontificali Inglesi. Caratteristiche Specifichedei Riti Inglesi. Imposizione Delle Mani. Pontificale di Egbert Arcivescovo di York. aLITURGIAvPUBBLICAZIONE PERIODICA